00825nam a2200205 i 450000100060000000300090000600500170001500700030003200800410003511100590007624500940013526000750022930000310030465000390033570000260037471000580040085200220045899900170048095201220049751113ES-MaACL20230906162312.0t|030811s1973 sp ||||1| spa d2 aCertamen Internacional de Cuentos (n11º. d1972)95610aCuentos premiados : bXI Certamen Internacional 1972 / c[ilustraciones de José David]. aSalamanca : bCaja de Ahorros y Monte de Piedad de Salamanca, c[1973] a78 p., 4 lám. ; c18 cm. 4aCuentos españoles-yS.XX.9114871 aDavid, José.9428762 aCaja de Ahorros y Monte de Piedad de Salamanca.92323 aES-MaACLjC-54478 c51113d51113 00104070aATENEOMbATENEOMcDEPO2d2008-01-17eSCl0oC-54478p1053755r2023-02-23 00:00:00w2023-02-23yMONOGRAFIA